Versalles: el palacio, el parque, los trianones
Gardado en:
| Autor Principal: | |
|---|---|
| Formato: | Libro |
| Idioma: | Lingua castelá |
| Publicado: |
París
Casa Editora de Arte Lys
1976
|
| Subjects: | |
| Tags: |
Engadir etiqueta
Sen Etiquetas, Sexa o primeiro en etiquetar este rexistro!
|
MARC
| LEADER | 00000nam a2200000 a 4500 | ||
|---|---|---|---|
| 001 | UCV8093 | ||
| 003 | CL-VaPUC | ||
| 008 | 900604e19760000FR |||||||||||||||||spa|d | ||
| 082 | 0 | 4 | |a 728.81 |b KEM |2 21 |
| 100 | 0 | |a Kemp, Gerald van der |e author |9 302170 | |
| 245 | 1 | 0 | |a Versalles: el palacio, el parque, los trianones |
| 300 | |a 96 p | ||
| 942 | |c BK | ||
| 945 | |d 19900604 00:00:00 | ||
| 260 | |a París |b Casa Editora de Arte Lys |c 1976 | ||
| 650 | 0 | |a Museos de arte |9 265235 | |
| 650 | 0 | |a Versalles |x Historia |9 266036 | |
| 651 | 0 | |a Francia |9 255157 | |
| 583 | |a last modification |c 19900604 00:00:00 |k Rodrigo Vera | ||
| 999 | |c 213668 |d 213666 | ||
| 952 | |0 0 |1 0 |4 0 |6 728_810000000000000_KEM_1976 |7 0 |8 A |9 196278 |a BIBARQ |b BIBARQ |d 2019-11-14 |i 2641860 |o 728.81 KEM 1976 |p 2641860 |r 2025-01-20 |w 2019-11-14 |y BK |k ARQ | ||